000 00990cam a22003015i 4500
999 _c7692
_d7692
003 EG-ScBUE
005 20200831133305.0
008 150812s2007 njua|||frb||| 00| 0 eng d
020 _a0131869493
020 _a9780131869493
040 _aEG-ScBUE
_beng
_erda
_cEG-ScBUE
_dEG-ScBUE
082 0 4 _a658.4012
_bDAV
_222
100 1 _aDavid, Fred R.,
_eauthor
_922473
245 1 0 _aStrategic management :concepts and cases /
_cFred R. David.
250 _aEleventh edition.
264 1 _aUpper Saddle River :
_bPearson / Prentice Hall,
_c2007.
300 _axxxi; 393 pages :
_billustrations ;
_c29 cm
336 _atext
_btxt
_2rdacontent
337 _aunmediated
_bn
_2rdamedia
338 _avolume
_bnc
_2rdacarrier
504 _aIncludes bibliographical references.
590 _adoaa mohamed
650 7 _aStrategic planning.
_2BUEsh
650 7 _aStrategic planning
_vCase studies.
_2BUEsh
651 _2BUEsh
653 _bCOMAME
_cAugust2015
_cAugust2020
942 _cBB
_2ddc